Counter-Strike ESL One Cologne 2016 Players - Statistics

General Stats
  • This quiz has been taken 3 times
  • The average score is 60 of 80
Answer Stats
Team Country Player % Correct
Gambit Kazakhstan AdreN
100%
Envy France apEX
100%
Virtus.pro Poland byali
100%
SK Brazil coldzera
100%
fnatic Sweden dennis
100%
Astralis Denmark device
100%
Gambit Russia Dosia
100%
Natus Vincere Ukraine Edward
100%
Liquid United States EliGE
100%
Ninjas in Pyjamas Sweden f0rest
100%
SK Brazil FalleN
100%
SK Brazil fer
100%
Natus Vincere Russia flamie
100%
fnatic Sweden flusha
100%
SK Brazil fnx
100%
Ninjas in Pyjamas Sweden friberg
100%
Ninjas in Pyjamas Sweden GeT_RiGhT
100%
Astralis Denmark gla1ve
100%
Natus Vincere Slovakia GuardiaN
100%
Envy France Happy
100%
Liquid United States Hiko
100%
FaZe Norway jkaem
100%
fnatic Sweden JW
100%
Astralis Denmark karrigan
100%
Envy France kennyS
100%
FaZe France kioShiMa
100%
fnatic Sweden KRIMZ
100%
FlipSid3 Ukraine markeloff
100%
Gambit Kazakhstan mou
100%
OpTic Canada NAF
100%
Envy France NBK-
100%
Virtus.pro Poland NEO
100%
MOUZ Bosnia & Herzegovina NiKo
100%
Liquid United States nitr0
100%
fnatic Sweden olofmeister
100%
Virtus.pro Poland pashaBiceps
100%
FaZe Norway rain
100%
G2 France RpK
100%
Liquid Ukraine s1mple
100%
G2 Belgium ScreaM
100%
Natus Vincere Russia seized
100%
G2 France shox
100%
G2 France SmithZz
100%
Virtus.pro Poland Snax
100%
SK Brazil TACO
100%
Virtus.pro Poland TaZ
100%
Ninjas in Pyjamas Sweden Xizt
100%
Astralis Denmark Xyp9x
100%
Natus Vincere Ukraine Zeus
100%
FaZe Denmark aizy
50%
FlipSid3 Ukraine B1ad3
50%
G2 France bodyy
50%
Dignitas Denmark cajunb
50%
MOUZ Netherlands chrisJ
50%
FaZe Portugal fox
50%
Liquid United States jdm64
50%
Dignitas Denmark k0nfig
50%
OpTic Spain mixwell
50%
Dignitas Denmark MSL
50%
MOUZ Germany nex
50%
CLG Bosnia & Herzegovina pita
50%
Ninjas in Pyjamas Sweden pyth
50%
Dignitas Norway RUBINO
50%
OpTic United States RUSH
50%
FlipSid3 Ukraine Shara
50%
MOUZ Germany Spiidi
50%
OpTic Canada stanislaw
50%
CLG United States tarik
50%
FlipSid3 Russia wayLander
50%
FlipSid3 Russia WorldEdit
50%
OpTic Canada daps
0%
MOUZ Germany denis
0%
Envy France DEVIL
0%
CLG United States hazed
0%
Gambit Russia hooch
0%
CLG United States koosta
0%
CLG United States reltuC
0%
Gambit Russia spaze
0%
Dignitas Denmark TENZKI
0%
Astralis Denmark zonic
0%
No matching quizzes found
Score Distribution
Percent of People with Each Score
Percentile by Number Answered
Your Score History
You have not taken this quiz